20. yüzyılda Türk seramik sanatı / (Record no. 61087)
| 000 -BAŞLIK | |
|---|---|
| Sabit Uzunluktaki Kontrol Alanı | 01537nam a22004217a 4500 |
| 001 - KONTROL NUMARASI | |
| Control Dosyası | 0061292 |
| 003 - KONTROL NUMARASI KİMLİĞİ | |
| Kontrol Alanı | KOHA_MİRAKIL |
| 005 - EN SON İŞLEM TARİHİ ve ZAMANI | |
| Kontrol Alanı | 20260207004333.0 |
| 007 - FİZİKSEL TANIM SABİT ALAN - GENEL BİLGİ | |
| Sabit uzunluklu kontrol alanı | ta |
| 008 - SABİT UZUNLUKTAKİ VERİ ÖGELERİ - GENEL BİLGİ | |
| Sabit Alan | 170912b2015 xx |||gr||||#||||0|tur | |
| 020 ## - ISBN - ULUSLARARASI STANDART KİTAP NUMARASI | |
| Isbn | 9786053240457 |
| 040 ## - KATALOGLAMA KAYNAĞI | |
| Özgün Kataloglama Kurumu | TR-BiSEU |
| Kataloglama Dili | tur |
| Çeviri Kurumu | TR-BiSEU |
| Açıklama Kuralları | rda |
| 041 0# - DİL KODU | |
| Metin ya da ses kaydının dil kodu | tur |
| 050 ## - SINIFLAMA ve YER NUMARASI | |
| Sınıflama Numarası | NK4129 |
| Yer Numarası | .E73 2015 |
| 100 1# - KİŞİ ADI | |
| Yazar Adı (Kişi adı) | Erbay Aslıtürk, Gül. |
| 245 1# - ESER ADI BİLDİRİMİ | |
| Başlık | 20. yüzyılda Türk seramik sanatı / |
| Sorumluluk Bildirimi | Gül Erbay Aslıtürk ; Gül Erbay Aslıtürk. |
| 264 #1 - ÜRERİM, YAYIN, DAĞITIM ve TELİF BİLDİRİMİ | |
| Yayın yeri | [y.y.] : |
| Yayınlayan | Gece Kitaplığı Yayınevi |
| Yayın tarihi | 2015 |
| 300 ## - FİZİKSEL TANIMLAMA | |
| Sayfa, Cilt vb. | 361 sayfa: resimli, grafik; 25 cm. |
| 336 ## - İÇERİK TÜRÜ | |
| Content type term | metin |
| Content type code | txt |
| Source | rdacontent |
| 337 ## - MEDYA TÜRÜ | |
| Media type term | aracısız |
| Media type code | n |
| Source | rdamedia |
| 338 ## - TAŞIYICI TÜRÜ | |
| Carrier type term | cilt |
| Carrier type code | nc |
| Source | rdacarrier |
| 490 1# - DİZİ BİLDİRİMİ | |
| Dizi Bildirimi | Gece Kitaplığı ; |
| Cilt Numarası | 119. |
| 490 1# - DİZİ BİLDİRİMİ | |
| Dizi Bildirimi | Araştırma ; |
| Cilt Numarası | 49. |
| 500 ## - GENEL NOT | |
| Genel Not | Kaynakça var. |
| 650 #0 - KONU BAŞLIĞI EK GİRİŞ - KONU TERİMİ | |
| Konusal terim veya coğrafi ad | Çömlekçilik, Türk-- Türkiye--20.Yüzyıl |
| 9 (RLIN) | 113616 |
| 650 #0 - KONU BAŞLIĞI EK GİRİŞ - KONU TERİMİ | |
| Konusal terim veya coğrafi ad | Pottery, Turkish--Turkey--20th century. |
| 9 (RLIN) | 113617 |
| 650 #0 - KONU BAŞLIĞI EK GİRİŞ - KONU TERİMİ | |
| Konusal terim veya coğrafi ad | Seramikler--Türkiye-- Tarih. |
| 9 (RLIN) | 113618 |
| 650 #0 - KONU BAŞLIĞI EK GİRİŞ - KONU TERİMİ | |
| Konusal terim veya coğrafi ad | Pottery, Turkish--Turkey--History. |
| 9 (RLIN) | 113619 |
| 650 #0 - KONU BAŞLIĞI EK GİRİŞ - KONU TERİMİ | |
| Konusal terim veya coğrafi ad | Seramik sanatı--Türkiye. |
| 9 (RLIN) | 113620 |
| 650 #0 - KONU BAŞLIĞI EK GİRİŞ - KONU TERİMİ | |
| Konusal terim veya coğrafi ad | Pottery craft--Turkey--History. |
| 9 (RLIN) | 113621 |
| 650 #0 - KONU BAŞLIĞI EK GİRİŞ - KONU TERİMİ | |
| Konusal terim veya coğrafi ad | Seramikler-- Türkiye-- Tarih . |
| 9 (RLIN) | 113622 |
| 650 #0 - KONU BAŞLIĞI EK GİRİŞ - KONU TERİMİ | |
| Konusal terim veya coğrafi ad | Ceramics--Turkey--History. |
| 9 (RLIN) | 113623 |
| 650 #0 - KONU BAŞLIĞI EK GİRİŞ - KONU TERİMİ | |
| Konusal terim veya coğrafi ad | Çömlekçiler--Türkiye--20. Yüzyıl-- Biyografi. |
| 9 (RLIN) | 113624 |
| 650 #0 - KONU BAŞLIĞI EK GİRİŞ - KONU TERİMİ | |
| Konusal terim veya coğrafi ad | Potters--Turkey-- 20th century-- Biography. |
| 9 (RLIN) | 113625 |
| 830 1# - SERİ EK GİRİŞİ - TEKBİÇİM ESER ADI | |
| Tekbiçim Başlık | Gece Kitaplığı ; |
| Volume number/sequential designation | 119. |
| 9 (RLIN) | 65468 |
| 830 1# - SERİ EK GİRİŞİ - TEKBİÇİM ESER ADI | |
| Tekbiçim Başlık | Araştırma ; |
| Volume number/sequential designation | 49. |
| 9 (RLIN) | 16699 |
| 942 ## - EK GİRİŞ ÖGELERİ (KOHA) | |
| Source of classification or shelving scheme | Library of Congress Classification |
| Koha item type | Book |
| Materyal Türü | Kalıcı Konum | Mevcut Konum | Raf Yeri | Sınıflandırma Kaynağı | Edinim Bilgisi | Ana Konular | Alt Konular | Yer Numarası | Demirbaş Numarası | Fatura Tarihi | Geri Çekilme Durumu | Kayıp Durumu | Hasarlı Durumu | Kredi için değil | Kayıt Tarih | Toplam Ödünçverme | Son Görülme Tarihi | Son Kontrol Tarihi |
|---|---|---|---|---|---|---|---|---|---|---|---|---|---|---|---|---|---|---|
| Book | Prof. Dr. Azmi Özcan Kütüphanesi | Prof. Dr. Azmi Özcan Kütüphanesi | Uluğbey Salonu | Library of Congress Classification | Satın | GÜZEL SANATLAR | Dekoratif Sanatlar | NK4129 .E73 2015 | 0061292 | 02/02/2026 | 12/09/2017 | 1 | 05/12/2024 | 05/12/2024 |
